000 00722nam a2200217Ii 4500
003 JO-AjNU
008 230606s9999||||xx |||||||||||||| ||und||
020 _a978-0-19-439302-7
040 _aJO-AjNU
_beng
_erda
_cJO-AjNU
041 _aeng
050 1 4 _aPE1122.S682 2009
100 3 _aLiz,Soars تأليف/john م.مشارك/Wheeldon,Sylvia م.مشارك,
_eauthor
_93490
245 0 0 _aNew Headway Upper-Intermediate :Workbook Without Key
250 _a3 ed
264 3 1 _aNew York:Oxford University Press,2009
300 _a85p
336 _atext
_btxt
_2rdacontent
337 _aunmediated
_bn
_2rdamedia
338 _avolume
_bnc
_2rdacarrier
650 4 _aNew Headway Upper Intermediate -Workbook Without Key
_93491
999 _aE1821
_c1821
_d1821